Capital humano, instituciones e integración económica en Centroamérica /
En el texto se analiza el papel del capital humano en el crecimiento de las exportaciones y la economía en un grupo de países miembro de un programa de integración económica de Centroamérica. Además rescata la importancia de un marco institucional moderno como un componente necesario del incremento...
Na minha lista:
| Autor principal: | |
|---|---|
| Formato: | Texto |
| Assuntos: | |
| Tags: |
Adicionar Tag
Sem tags, seja o primeiro a adicionar uma tag!
|
MARC
| LEADER | 00000 a a2200000 04500 | ||
|---|---|---|---|
| 001 | 3669 | ||
| 003 | |||
| 040 | |||
| 100 | |a Cáceres, Luis René | ||
| 245 | |a Capital humano, instituciones e integración económica en Centroamérica / |c Luis René Cáceres | ||
| 520 | |a En el texto se analiza el papel del capital humano en el crecimiento de las exportaciones y la economía en un grupo de países miembro de un programa de integración económica de Centroamérica. Además rescata la importancia de un marco institucional moderno como un componente necesario del incremento de las exportaciones vinculado a la inversión en capital humano. | ||
| 590 | |a RRH/062010 | ||
| 650 | |a 1.ENSEÑANZA PROFESIONAL | ||
| 650 | |a 2.EXPORTACIONES | ||
| 650 | |a 3.INTEGRACION ECONOMICA | ||
| 650 | |a 4.AMERICA CENTRAL | ||
| 773 | |g volumen 59, número 1; páginas 44-50 | ||
| 999 | |c 27984 |d 27984 | ||
